000
00241nam a2200097Ia 4500
001
1211653
005
20250827024440.0
008
250824s9999 xx 000 0 und d
245
0
_a
KIYISIZLAR
_c
KAHRAMAN TAZEOĞLU
260
_b
DESTEK YAYINLARI
999
_c
1211653
_d
1211653